PAU * 4.0 Phylogenetic analysis using Parsimony Beta Version 8 Win 32/DOS (CD)

Saved in:
Bibliographic Details
Main Author: DAVID SWOFFORD
Format: Book
Language:Undetermined
Published: Sinauer Associates
Subjects:
Tags: Add Tag
No Tags, Be the first to tag this record!
Institutions: Trung tâm Học liệu Trường Đại học Cần Thơ
LEADER 00463nam a2200157Ia 4500
001 CTU_50456
008 210402s9999 xx 000 0 und d
082 |a 576.88 
082 |b S979 
100 |a DAVID SWOFFORD 
245 0 |a PAU * 4.0 
245 0 |b Phylogenetic analysis using Parsimony Beta Version 8 Win 32/DOS (CD) 
245 0 |c DAVID SWOFFORD 
260 |a Sinauer Associates 
650 |a phyllogeny 
980 |a Trung tâm Học liệu Trường Đại học Cần Thơ